000 00924nam2a2200205 4500
001 RU\NLR\PER_A\002517588_004180
005 20250624055153.0
035 _a(NLR Aleph) 012519852
090 _a12318974
_c12318974
100 _a20210518d2021 |||y0rusy50 ca
101 0 _arus
102 _aRU
200 0 _a2021, 2
210 _d2021
_aБ. м.
461 0 _1001RU\NLR\INFOCOMM15\1000112638
_12001#$aЛевша$eПрил. к журн. "Юный техник"$fТруд. коллектив журн. "Юный техник". Изд.-полигр. об-ние "Молодая гвардия"$v2021, 2
_92735415
_cМ.
_d1961 -
_fТруд. коллектив журн. "Юный техник". Изд.-полигр. об-ние "Молодая гвардия"
_oПрил. к журн. "Юный техник"
_tЛевша
_x0869-0669
_v2021, 2
852 _aNLR
_jП49/855
942 _cISSUE
980 _aNB
980 _aRUSPER